| 000 | 00716nam a2200217Ia 4500 | ||
|---|---|---|---|
| 003 | OSt | ||
| 005 | 20250414162609.0 | ||
| 008 | 191128s1983 ck er 000 f spa d | ||
| 040 |
_aCO-JMCR _cCO-JMCR |
||
| 041 | _aspa | ||
| 082 |
_aA-N _bDRUr1 |
||
| 100 | 1 |
_aDruon, Maurice, _d1918 _eautor _96779 |
|
| 245 | 1 | 3 |
_aEl rey de hierro / _cMaurice Druon |
| 260 |
_aBogotá : _bCírculo de lectores, _c1983 |
||
| 300 |
_a289 páginas ; _c20 cm. |
||
| 490 | 0 | _aLos reyes malditos | |
| 500 | _aIncluye datos biográficos del autor. | ||
| 505 | _aLa maldición -- Las princesas adúlteras -- La mano de Dios -- Notas historicas -- Repertorio biográficos | ||
| 650 | 1 | 4 |
_aNovela francesa _ysiglo XX _96852 |
| 942 |
_2ddc _cBK |
||
| 999 |
_c3574 _d3574 |
||